HUMAN RESOURCES THE EMERGING PROFILE (Record no. 6547)

MARC details
000 -LEADER
fixed length control field 00342nam a2200133Ia 4500
008 - FIXED-LENGTH DATA ELEMENTS--GENERAL INFORMATION
fixed length control field 240624s9999 xx 000 0 und d
041 ## - LANGUAGE CODE
Language code of text/sound track or separate title eng
082 ## - DEWEY DECIMAL CLASSIFICATION NUMBER
Classification number 658.3 RAJ
100 ## - MAIN ENTRY--PERSONAL NAME
Personal name RAJU P V L
245 ## - TITLE STATEMENT
Title HUMAN RESOURCES THE EMERGING PROFILE
260 ## - PUBLICATION, DISTRIBUTION, ETC.
Date of publication, distribution, etc. 2004
Place of publication, distribution, etc. Hyderabad
Name of publisher, distributor, etc. ICFAI press
300 ## - PHYSICAL DESCRIPTION
Extent xi, , 198 , 23 : p. : cm.
365 ## - TRADE PRICE
Currency code RS
Price amount 50
Holdings
Withdrawn status Lost status Damaged status Not for loan Home library Current library Shelving location Date acquired Source of acquisition Cost, normal purchase price Total Holds Full call number Barcode Date last seen Copy number Price effective from Koha item type
        IMTN IMTN Rack 23-B 10/03/2007 ICFAI 300.00 2 658.3 RAJ 6547 06/24/2024 1 06/24/2024 Books
Designed & Maintained by: LRC IMT Nagpur Contact: lrc@imtnag.ac.in© 2024. All Rights Reserved.